[Event "Titled Tuesday intern op 05th Sep Late"]
[Site "Chess.com INT"]
[Date "2023.09.05"]
[Round "8"]
[White "Eke, Salih"]
[Black "Galaktionov, Artem"]
[Result "0-1"]
[WhiteElo "2167"]
[BlackElo "2321"]
[PlyCount "90"]
[EventDate "2023.09.05"]
[EventType "swiss (blitz)"]
[EventRounds "11"]
[EventCountry "USA"]
[SourceTitle "EXT 2024"]
[Source "ChessBase"]
[SourceDate "2023.10.10"]
[SourceVersion "1"]
[SourceVersionDate "2023.10.10"]
[SourceQuality "1"]

1. d4 c6 2. c3 g6 3. Nf3 Bg7 4. Bf4 d6 5. Nbd2 Nd7 6. e4 e5 7. Bg3 Ngf6 8. dxe5 dxe5 9. Nxe5 Nh5 10. Nxd7 Nxg3 11. hxg3 Bxd7 12. Be2 0-0 13. 0-0 Qe7 14. Qc2 Rae8 15. Rfe1 h5 16. Rad1 Bc8 17. Bf3 b5 18. a4 a6 19. axb5 cxb5 20. Nb3 Be5 21. Nd4 Qc5 22. Qd2 Rd8 23. Qe3 b4 24. cxb4 Qb6 25. Nf5 Qxe3 26. Nxe3 Bxb2 27. Nd5 Be6 28. Be2 Bxd5 29. Rxd5 Rxd5 30. exd5 Bc3 31. Rb1 Rb8 32. Bxa6 Rxb4 33. Rc1 Be5 34. f4 Bd4+ 35. Kh2 Rb6 36. Bd3 Rd6 37. Be4 Kf8 38. Rc7 Bf2 39. Kh3 Rb6 40. g4 hxg4+ 41. Kxg4 f5+ 42. Bxf5 gxf5+ 43. Kxf5 Rb5 44. Ke6 Bg3 45. f5 Bxc7 0-1

[Event "TUR-chT 2nd League"]
[Site "Denizli"]
[Date "2023.07.15"]
[Round "9.26"]
[White "Eke, Salih"]
[Black "Karaca, Yigit1111"]
[Result "0-1"]
[WhiteElo "2274"]
[BlackElo "1870"]
[PlyCount "118"]
[EventDate "2023.07.09"]
[EventType "team-swiss"]
[EventRounds "9"]
[EventCountry "TUR"]
[SourceTitle "CBM 215 Extra"]
[Source "ChessBase"]
[SourceDate "2023.09.30"]
[SourceVersion "1"]
[SourceVersionDate "2023.09.30"]
[SourceQuality "1"]
[WhiteTeam "Yildiz"]
[BlackTeam "Izmir Apaydin"]
[WhiteTeamCountry "TUR"]
[BlackTeamCountry "TUR"]

1. d4 e6 2. c4 d5 3. Nf3 Nf6 4. Nc3 a6 5. cxd5 exd5 6. Bg5 Be6 7. e3 Nbd7 8. Bd3 Bd6 9. Qc2 c6 10. 0-0 Qc7 11. Bh4 h6 12. Bg3 Bxg3 13. hxg3 g5 14. b4 Ng4 15. e4 dxe4 16. Nxe4 Kf8 17. Rfe1 Kg7 18. Nc5 Nxc5 19. dxc5 Qd8 20. Bc4 Bxc4 21. Qxc4 Nf6 22. Rad1 Nd5 23. Nd4 Qf6 24. g4 Rhe8 25. Nf5+ Kg8 26. Nd6 Rxe1+ 27. Rxe1 b5 28. Qb3 Qc3 29. Qd1 Qxb4 30. Nf5 Kf8 31. Nxh6 Re8 32. Rxe8+ Kxe8 33. Qe2+ Kd7 34. Qe5 Qxc5 35. Qxg5 f6 36. Qf5+ Kc7 37. Kh2 b4 38. g3 a5 39. g5 fxg5 40. Nf7 Qe7 41. Nxg5 a4 42. Ne6+ Kb7 43. Nd4 Qf6 44. Qd7+ Kb6 45. Nf5 b3 46. axb3 axb3 47. Nd6 Qxf2+ 48. Kh3 Qf1+ 49. Kh4 Qh1+ 50. Kg5 Qc1+ 51. Kf5 Qc2+ 52. Kg5 b2 53. Nc8+ Kc5 54. Qa7+ Kb4 55. Qb7+ Ka3 56. Qa7+ Kb3 57. Qb7+ Nb4 58. Qf7+ Qc4 59. Qh7 Qc1+ 0-1

[Event "Cesme op-A 9th"]
[Site "Cesme"]
[Date "2023.06.24"]
[Round "8"]
[White "Eke, Salih"]
[Black "Temizer, Umut"]
[Result "1/2-1/2"]
[WhiteElo "2283"]
[BlackElo "2005"]
[PlyCount "113"]
[EventDate "2023.06.19"]
[EventType "swiss"]
[EventRounds "9"]
[EventCountry "TUR"]
[SourceTitle "CBM 214 Extra"]
[Source "ChessBase"]
[SourceDate "2023.07.31"]
[SourceVersion "1"]
[SourceVersionDate "2023.07.31"]
[SourceQuality "1"]

1. d4 d5 2. c4 e6 3. Nf3 Nf6 4. Nc3 c6 5. e3 Bd6 6. Qc2 Nbd7 7. b3 b6 8. Bb2 Bb7 9. Bd3 Rc8 10. 0-0 0-0 11. e4 e5 12. exd5 exd4 13. Nxd4 cxd5 14. Nf5 Bb8 15. Rfe1 dxc4 16. Bxc4 Qc7 17. g3 Rce8 18. Rxe8 Rxe8 19. Nb5 Qc6 20. Bxf7+ Kxf7 21. Qxc6 Bxc6 22. Nbd6+ Bxd6 23. Nxd6+ Ke7 24. Nxe8 Kxe8 25. Rc1 Bf3 26. Rc3 Bd5 27. Rc8+ Ke7 28. f4 a5 29. Bd4 g6 30. h3 h5 31. Kh2 Be4 32. Rc1 Kd6 33. Rd1 Ke6 34. Rc1 Kf5 35. Rc7 Bd5 36. Ra7 Ke6 37. Ra6 Bb7 38. Ra7 Bf3 39. Rc7 Kd6 40. Rc8 Be4 41. Rc1 Nd5 42. Rd1 Kc6 43. Re1 Bf5 44. Rg1 Nb4 45. g4 hxg4 46. hxg4 Be4 47. a3 Nc2 48. Bb2 Nc5 49. f5 gxf5 50. g5 Bd5 51. g6 Ne3 52. g7 Ng4+ 53. Kg3 Bxb3 54. Kf4 Be6 55. Bd4 Kd5 56. Rd1 Nh6 57. Bxc5+ 1/2-1/2

[Event "Titled Tuesday intern op 13th Jun Late"]
[Site "Chess.com INT"]
[Date "2023.06.13"]
[Round "3"]
[White "Eke, Salih"]
[Black "Sivakumar, Shaaketh"]
[Result "1-0"]
[WhiteElo "2283"]
[BlackElo "2337"]
[PlyCount "83"]
[EventDate "2023.06.13"]
[EventType "swiss (blitz)"]
[EventRounds "11"]
[EventCountry "USA"]
[SourceTitle "EXT 2024"]
[Source "ChessBase"]
[SourceDate "2023.10.10"]
[SourceVersion "1"]
[SourceVersionDate "2023.10.10"]
[SourceQuality "1"]

1. e4 e6 2. d3 d5 3. Nc3 c5 4. Nf3 d4 5. Ne2 g6 6. g3 Nc6 7. Bg2 Bg7 8. 0-0 Nge7 9. Nd2 0-0 10. a4 Rb8 11. Nc4 a6 12. a5 Ne5 13. Nxe5 Bxe5 14. Bh6 Re8 15. f4 Bh8 16. Qd2 Nc6 17. g4 Bd7 18. h3 Qe7 19. Ng3 Rbd8 20. Bg5 f6 21. Bh4 h6 22. g5 f5 23. e5 h5 24. Qe2 Nb4 25. c3 dxc3 26. bxc3 Nd5 27. Bxd5 exd5 28. d4 Bb5 29. Qf3 Bxf1 30. Rxf1 cxd4 31. cxd4 Qb4 32. Rd1 Rc8 33. Nxf5 gxf5 34. Qxd5+ Kf8 35. g6 Rc7 36. Bf6 Bxf6 37. exf6 Re1+ 38. Kf2 Rc2+ 39. Kg3 Re3+ 40. Kh4 Rxh3+ 41. Kxh3 Qb3+ 42. Qxb3 1-0

[Event "Titled Tuesday intern op 02nd May Late"]
[Site "Chess.com INT"]
[Date "2023.05.02"]
[Round "1"]
[White "Eke, Salih"]
[Black "Taboas Rodriguez, Daniel"]
[Result "0-1"]
[WhiteElo "2283"]
[BlackElo "2371"]
[PlyCount "100"]
[EventDate "2023.05.02"]
[EventType "swiss (blitz)"]
[EventRounds "11"]
[EventCountry "USA"]
[SourceTitle "EXT 2024"]
[Source "ChessBase"]
[SourceDate "2023.10.10"]
[SourceVersion "1"]
[SourceVersionDate "2023.10.10"]
[SourceQuality "1"]

1. e4 e5 2. Nf3 Nc6 3. Bc4 Nf6 4. d3 Bc5 5. 0-0 d6 6. h3 Be6 7. Bxe6 fxe6 8. Be3 Bb6 9. Nc3 0-0 10. Bxb6 axb6 11. d4 exd4 12. Nxd4 Nxd4 13. Qxd4 e5 14. Qc4+ Kh8 15. Rad1 Qe7 16. Nd5 Nxd5 17. Qxd5 Rfb8 18. Rd3 Ra5 19. Qb3 Rba8 20. a3 Ra4 21. Qd5 R8a7 22. f4 exf4 23. Rxf4 h6 24. Rdf3 Ra8 25. Rf7 Qe8 26. Rxc7 Qxe4 27. Qxe4 Rxe4 28. Rxb7 Re2 29. Rf2 Rxf2 30. Kxf2 Ra6 31. Ke3 Kh7 32. Kd4 Kg6 33. Kd5 h5 34. g3 Kf6 35. Kxd6 g5 36. Kc6 Kf5 37. Rf7+ Ke4 38. Kb5 Ra8 39. Kxb6 Rb8+ 40. Kc5 Rxb2 41. c4 Rb3 42. g4 h4 43. Rf5 Rxh3 44. Kb4 Rh1 45. Rxg5 Kf4 46. Rg8 h3 47. Kc5 h2 48. Rh8 Kg3 49. g5 Re1 50. g6 Re5+ 0-1

[Event "Ayvalik Akasya"]
[Site "Ayvalik"]
[Date "2023.04.13"]
[Round "9"]
[White "Eke, Salih"]
[Black "Schekachikhin, Maksim"]
[Result "1-0"]
[WhiteElo "2300"]
[BlackElo "2376"]
[PlyCount "91"]
[EventDate "2023.04.08"]
[EventType "schev"]
[EventRounds "9"]
[EventCountry "TUR"]
[SourceTitle "CBM 213 Extra"]
[Source "ChessBase"]
[SourceDate "2023.05.31"]
[SourceVersion "1"]
[SourceVersionDate "2023.05.31"]
[SourceQuality "1"]
[WhiteTeam "Team C"]
[BlackTeam "Team B"]
[WhiteTeamCountry "TUR"]
[BlackTeamCountry "TUR"]

1. d4 Nf6 2. c4 e6 3. Nf3 b6 4. g3 Bb7 5. Bg2 Bb4+ 6. Bd2 a5 7. 0-0 0-0 8. Bf4 Be7 9. Nc3 Ne4 10. Qc2 Nxc3 11. Qxc3 d6 12. Rfd1 Nd7 13. Rac1 h6 14. h4 Nf6 15. c5 Nd5 16. Qd2 dxc5 17. Bxh6 gxh6 18. Qxh6 Bf6 19. Ng5 Bxg5 20. hxg5 Qe7 21. dxc5 Rad8 22. Rd4 f6 23. gxf6 Qxf6 24. Qxf6 Nxf6 25. Rxd8 Rxd8 26. Bxb7 Rd2 27. cxb6 cxb6 28. Ba6 Rxb2 29. Rc6 b5 30. Rxe6 Nd5 31. Rc6 Kg7 32. Rc5 Nb4 33. Bxb5 Rxa2 34. g4 Nc2 35. Bd3 Nd4 36. Kg2 a4 37. Rc4 Ne6 38. f4 a3 39. Ra4 Ra1 40. Ra7+ Kf8 41. f5 Nf4+ 42. Kh2 Nxd3 43. exd3 a2 44. d4 Ke8 45. Kg2 Kd8 46. d5 1-0

[Event "Ayvalik Akasya"]
[Site "Ayvalik"]
[Date "2023.04.09"]
[Round "2"]
[White "Kilic, Eray"]
[Black "Eke, Salih"]
[Result "1-0"]
[WhiteElo "2418"]
[BlackElo "2300"]
[PlyCount "109"]
[EventDate "2023.04.08"]
[EventType "schev"]
[EventRounds "9"]
[EventCountry "TUR"]
[SourceTitle "CBM 213 Extra"]
[Source "ChessBase"]
[SourceDate "2023.05.31"]
[SourceVersion "1"]
[SourceVersionDate "2023.05.31"]
[SourceQuality "1"]
[WhiteTeam "Team A"]
[BlackTeam "Team C"]
[WhiteTeamCountry "TUR"]
[BlackTeamCountry "TUR"]

1. e4 c5 2. Nf3 Nc6 3. Bb5 g6 4. c3 Bg7 5. d4 cxd4 6. cxd4 Nf6 7. Nc3 a6 8. Bxc6 dxc6 9. h3 0-0 10. 0-0 Be6 11. Qc2 b5 12. Rd1 Qb8 13. Ne2 b4 14. Nf4 Bxa2 15. Re1 b3 16. Qxc6 Rc8 17. Qa4 Rxc1 18. Raxc1 Qxf4 19. Qc6 Rd8 20. Qb7 e6 21. Ne5 Rf8 22. Rc8 Rxc8 23. Qxc8+ Bf8 24. Re3 Nxe4 25. Rf3 Nd6 26. Qxf8+ Kxf8 27. Rxf4 a5 28. d5 exd5 29. Rd4 a4 30. Rxa4 f6 31. Ra6 Ke7 32. Nc6+ Ke6 33. Nd4+ Kd7 34. Ra7+ Kc8 35. Ra5 Nc4 36. Rxd5 Nxb2 37. Nxb3 Bxb3 38. Rb5 Be6 39. Rxb2 Kc7 40. Kh2 Kd6 41. Rb7 h5 42. Kg3 Bf5 43. h4 Ke6 44. Kf4 Bc2 45. Rg7 Bb1 46. f3 Bd3 47. g4 hxg4 48. fxg4 Be2 49. Rxg6 Kf7 50. Rh6 Kg7 51. Rh5 Bd3 52. Rd5 Bc2 53. Rd7+ Kg6 54. h5+ Kh6 55. Rf7 1-0

[Event "Balikesir Sebboy Gp"]
[Site "Balikesir"]
[Date "2022.12.27"]
[Round "9.4"]
[White "Eke, Salih"]
[Black "Ozen, Metehan"]
[Result "1-0"]
[WhiteElo "2192"]
[BlackElo "2137"]
[PlyCount "79"]
[EventDate "2022.12.22"]
[EventType "team-schev"]
[EventRounds "9"]
[EventCountry "TUR"]
[SourceTitle "CBM 212 Extra"]
[Source "ChessBase"]
[SourceDate "2023.03.31"]
[SourceVersion "1"]
[SourceVersionDate "2023.03.31"]
[SourceQuality "1"]
[WhiteTeam "Team D"]
[BlackTeam "Team A"]
[WhiteTeamCountry "TUR"]
[BlackTeamCountry "TUR"]

1. d4 d5 2. c4 c6 3. Nf3 Nf6 4. Nc3 e6 5. e3 Nbd7 6. Qc2 Bd6 7. Bd3 dxc4 8. Bxc4 b5 9. Be2 Bb7 10. 0-0 0-0 11. Rd1 Qc7 12. h3 a6 13. a3 c5 14. dxc5 Nxc5 15. Bd2 Rac8 16. Rac1 Qb6 17. Be1 Bb8 18. b4 Nce4 19. Qb2 Nd6 20. Qa1 Nc4 21. a4 Nd5 22. axb5 axb5 23. Nxd5 Bxd5 24. Qd4 Qb7 25. Bc3 f6 26. Qg4 f5 27. Qg5 f4 28. e4 Bxe4 29. Nd4 f3 30. Bxc4 bxc4 31. Nxe6 h6 32. Qh4 fxg2 33. Bxg7 Rfe8 34. Qxh6 Bh7 35. Rd4 Qc6 36. Rg4 Qxe6 37. Bf6+ Qxg4 38. hxg4 Rc7 39. Qg5+ Kf7 40. Be5 1-0

[Event "EU-ch U18 30th"]
[Site "Antalya"]
[Date "2022.11.06"]
[Round "1"]
[White "Eke, Salih"]
[Black "Makarian, Rudik"]
[Result "0-1"]
[WhiteElo "2224"]
[BlackElo "2505"]
[PlyCount "53"]
[EventDate "2022.11.06"]
[EventType "swiss"]
[EventRounds "9"]
[EventCountry "TUR"]
[SourceTitle "CBM 211 Extra"]
[Source "ChessBase"]
[SourceDate "2023.01.31"]
[SourceVersion "1"]
[SourceVersionDate "2023.01.31"]
[SourceQuality "1"]

1. d4 Nf6 2. c4 e6 3. Nf3 b6 4. g3 Bb4+ 5. Bd2 Be7 6. Bg2 c6 7. Ne5 0-0 8. 0-0 Bb7 9. Bc3 d6 10. Nd3 d5 11. Nd2 Nbd7 12. e4 dxc4 13. Nxc4 c5 14. Re1 Rc8 15. Nce5 cxd4 16. Bxd4 Nxe5 17. Nxe5 Bb4 18. Re3 Qe7 19. a3 Bc5 20. Bxc5 Rxc5 21. Ng4 Nxg4 22. Qxg4 Rc2 23. b4 Rxf2 24. Kxf2 Qf6+ 25. Qf4 Qb2+ 26. Kf3 f5 27. Rae1 0-1

[Event "Mersin op 6th"]
[Site "Mersin"]
[Date "2022.09.07"]
[Round "5"]
[White "Eke, Salih"]
[Black "Gunduz, Umut Erdem"]
[Result "1-0"]
[WhiteElo "2088"]
[BlackElo "2341"]
[PlyCount "86"]
[EventDate "2022.09.04"]
[EventType "swiss"]
[EventRounds "9"]
[EventCountry "TUR"]
[SourceTitle "CBM 210 Extra"]
[Source "ChessBase"]
[SourceDate "2022.11.30"]
[SourceVersion "1"]
[SourceVersionDate "2022.11.30"]
[SourceQuality "1"]

1. d4 d5 2. c4 c6 3. Nf3 Nf6 4. Nc3 dxc4 5. a4 Bf5 6. Ne5 Nbd7 7. Nxc4 Nb6 8. Ne5 a5 9. f3 Nfd7 10. Nxd7 Nxd7 11. e4 Bg6 12. Be3 e5 13. dxe5 Bb4 14. Be2 Qe7 15. Qc2 Nxe5 16. 0-0 f6 17. Kh1 Bf7 18. Rad1 0-0 19. Nb1 Rad8 20. Nd2 Rd6 21. f4 Nd7 22. Nc4 Rxd1 23. Rxd1 Nc5 24. Nd6 Nxe4 25. Nxe4 Re8 26. Bd3 f5 27. Bc5 fxe4 28. Bxe7 exd3 29. Rxd3 Rxe7 30. Rd8+ Be8 31. h3 Be1 32. Qc5 Kf8 33. Qf5+ Kg8 34. Qh5 Kf8 35. Kh2 g6 36. Qg5 Bb4 37. Qf6+ Kg8 38. Qxe7 Bxe7 39. Rxe8+ Kf7 40. Rb8 Ke6 41. Rxb7 h5 42. g3 Bb4 43. Kg2 Kd5 1-0